Harry Potter - Have we met before? - Statistics

General Stats
  • This quiz has been taken 6,172 times
  • The average score is 12 of 15
Answer Stats
Hint Answer % Correct
R.L - Is that the moon? I'd better be off Remus Lupin
95%
V.K - Zeeker in Zee Bulgarian team Viktor Krum
94%
G.O - Maker of wands Garrick Ollivander
88%
B.L - Killed by the Weasley mother Bellatrix Lestrange
87%
K - House-elf owned by Harry Kreacher
84%
F.D - 'Arry! 'Oo saved my seester (mwah, mwah) Fleur Delacour
80%
P.P - Went to the Yule Ball with Potter Parvati Patil
80%
P.D - Mother of Ickle Diddykins Petunia Dursley
76%
M.G - Grandfather of You-Know-Who Marvolo Gaunt
74%
T.T - Daddy to Dora Ted Tonks
74%
R.H - "Now I want a nice clean game… from all of you." Rolanda Hooch
72%
M.M - "Fifty points if it goes through her head!" Moaning Myrtle
71%
S.F - He's half and half Seamus Finnigan
67%
F.B - Gardener of Riddle House Frank Bryce
65%
C.B - Muggle Studies teacher Charity Burbage
61%
No matching quizzes found
Score Distribution
Percent of People with Each Score
Percentile by Number Answered
Your Score History
You have not taken this quiz